000 00349nam a2200133Ia 4500
008 231129s1998||||xx |||||||||||||| ||spa||
020 _a958-96386-0-0
040 _bspa
082 _a796.334 J91
245 0 _aJuego limpio
260 _c1998
264 _aCorporacion Cultural Nuevo Milenio
942 _2ddc
_cBKS
999 _c16231
_d16231